[Event "MNT-ch 65th"]
[Site "Cetinje"]
[Date "2013.07.28"]
[Round "9"]
[White "Lekic, Lazar"]
[Black "Djokovic, Mirsad"]
[Result "0-1"]
[WhiteElo "2054"]
[BlackElo "2106"]
[PlyCount "44"]
[EventDate "2013.07.20"]
[EventType "swiss"]
[EventRounds "9"]
[EventCountry "MNE"]
[SourceTitle "CBM 155 Extra"]
[Source "ChessBase"]
[SourceDate "2013.08.26"]
[SourceVersion "1"]
[SourceVersionDate "2013.08.26"]
[SourceQuality "1"]

1. e4 Nf6 2. e5 Nd5 3. d4 d6 4. c4 Nb6 5. exd6 exd6 6. Nc3 Nc6 7. Be3 Be7 8. Nf3 Bf5 9. d5 Ne5 10. Nxe5 dxe5 11. c5 Nd7 12. g4 Bg6 13. h4 Bxh4 14. Qd2 0-0 15. g5 f5 16. Rxh4 f4 17. d6 Qxg5 18. Qd5+ Bf7 19. Qh1 fxe3 20. Bd3 exf2+ 21. Ke2 Nf6 22. Rxh7 Bh5+ 0-1

[Event "Podgorica Zeta CC-ch 15th"]
[Site "Podgorica"]
[Date "2012.12.18"]
[Round "8"]
[White "Djokovic, Mirsad"]
[Black "Vukcevic, Branimir"]
[Result "1-0"]
[WhiteElo "2099"]
[BlackElo "1889"]
[PlyCount "87"]
[EventDate "2012.12.15"]
[EventType "tourn"]
[EventRounds "9"]
[EventCountry "MNE"]
[SourceTitle "EXT 2014"]
[Source "ChessBase"]
[SourceDate "2013.11.20"]
[SourceVersion "1"]
[SourceVersionDate "2013.11.20"]
[SourceQuality "1"]

1. e4 e5 2. Nc3 Nf6 3. Bc4 c6 4. Nf3 Qc7 5. d3 h6 6. 0-0 Be7 7. h3 0-0 8. Nh4 Kh7 9. Nf5 d6 10. f4 Bxf5 11. exf5 d5 12. fxe5 Qxe5 13. d4 Qc7 14. Bd3 Bd6 15. Qf3 b5 16. Ne2 Nbd7 17. Nf4 Rae8 18. Be3 Ne4 19. h4 Ndf6 20. a4 b4 21. Rae1 g5 22. fxg6+ fxg6 23. Qh3 Qe7 24. h5 gxh5 25. Qf5+ Kg8 26. Ng6 Qh7 27. Nxf8 Qxf5 28. Rxf5 Bxf8 29. Bxe4 Nxe4 30. Bf4 Bg7 31. Be5 Ng5 32. Kf1 h4 33. Bxg7 Rxe1+ 34. Kxe1 Kxg7 35. a5 Ne6 36. c3 bxc3 37. bxc3 Ng5 38. c4 h3 39. gxh3 Kg6 40. Rf8 dxc4 41. Ra8 Nf3+ 42. Kd1 Nxd4 43. Rxa7 Kh5 44. a6 1-0